[Event "Zahara de la Sierra 3rd"]
[Site "Zahara de la Sierra"]
[Date "2024.03.30"]
[Round "8"]
[White "Del Rey, Diego"]
[Black "Moral Garcia, Serafin"]
[Result "1/2-1/2"]
[WhiteElo "2286"]
[BlackElo "2223"]
[PlyCount "121"]
[EventDate "2024.03.27"]
[EventType "tourn"]
[EventRounds "9"]
[EventCountry "ESP"]
[SourceTitle "CB14_2024"]
[SourceDate "2024.04.01"]
[SourceVersion "1"]
[SourceVersionDate "2024.04.01"]
[SourceQuality "1"]

1. d4 Nf6 2. Nf3 g6 3. Bg5 Bg7 4. c3 c5 5. Bxf6 Bxf6 6. dxc5 Na6 7. e4 Nxc5 8. Nbd2 d6 9. Bb5+ Bd7 10. Qe2 0-0 11. Bxd7 Qxd7 12. 0-0 b5 13. Nb3 Na4 14. Rad1 Qc7 15. Nfd4 a6 16. Rd2 Rfc8 17. Qg4 Nb6 18. f4 Nc4 19. Re2 Nxb2 20. e5 dxe5 21. fxe5 Bxe5 22. Rxb2 Qxc3 23. Re2 Bf6 24. Qe4 Qb4 25. Nf3 Qxe4 26. Rxe4 Rc2 27. Rf2 Rac8 28. g4 h6 29. h3 e6 30. Ree2 Rxe2 31. Rxe2 Kf8 32. Kg2 Ke7 33. h4 Rc4 34. Kg3 Bc3 35. Nbd2 Rc7 36. Ne4 Bg7 37. g5 hxg5 38. hxg5 a5 39. Kf4 b4 40. Ne5 Rc1 41. Rd2 Rf1+ 42. Nf2 Bxe5+ 43. Kxe5 a4 44. Ne4 b3 45. axb3 axb3 46. Kd4 Rf5 47. Rb2 Rb5 48. Kc3 Re5 49. Re2 Rb5 50. Kb2 Rb4 51. Re3 e5 52. Nf6 Ke6 53. Rxb3 Rxb3+ 54. Kxb3 Kf5 55. Nh7 Kf4 56. Kc2 Kf3 57. Kd1 e4 58. Ke1 Ke3 59. Nf6 Kf4 60. Nh7 Ke3 61. Nf6 1/2-1/2

[Event "Brno IM 12th"]
[Site "Brno"]
[Date "2023.11.16"]
[Round "7"]
[White "Krzywda, Andrzej"]
[Black "Del Rey, Diego"]
[Result "1-0"]
[WhiteElo "2195"]
[BlackElo "2316"]
[PlyCount "35"]
[EventDate "2023.11.11"]
[EventType "tourn"]
[EventRounds "9"]
[EventCountry "CZE"]
[SourceTitle "CB47_2023"]
[SourceDate "2023.11.22"]
[SourceVersion "1"]
[SourceVersionDate "2023.11.22"]
[SourceQuality "1"]

1. e4 e6 2. d4 d5 3. Nc3 Be7 4. e5 c5 5. Qg4 g5 6. Qh5 cxd4 7. Nb5 Nc6 8. Nf3 h6 9. h4 gxh4 10. Bd3 a6 11. Nbxd4 Nxd4 12. Nxd4 Qb6 13. Be3 Qb4+ 14. c3 Qxb2 15. 0-0 Qxc3 16. Bg6 Bc5 17. Bxf7+ Ke7 18. Qg6 1-0

[Event "Brno IM 12th"]
[Site "Brno"]
[Date "2023.11.14"]
[Round "4"]
[White "Del Rey, Diego"]
[Black "Valenta, Vit"]
[Result "1-0"]
[WhiteElo "2316"]
[BlackElo "2030"]
[PlyCount "87"]
[EventDate "2023.11.11"]
[EventType "tourn"]
[EventRounds "9"]
[EventCountry "CZE"]
[SourceTitle "CB47_2023"]
[SourceDate "2023.11.22"]
[SourceVersion "1"]
[SourceVersionDate "2023.11.22"]
[SourceQuality "1"]

1. d4 Nf6 2. Nf3 d6 3. c4 Nbd7 4. Nc3 e5 5. Bg5 Be7 6. e3 0-0 7. Qc2 exd4 8. Nxd4 Ne5 9. 0-0-0 h6 10. Bh4 Ng6 11. Bg3 Nh5 12. Be2 Nxg3 13. hxg3 Bf6 14. Kb1 Bd7 15. Rd2 Qc8 16. Nd5 Bxd4 17. Rxd4 Bf5 18. e4 Be6 19. Ne3 Ne7 20. g4 Rd8 21. f4 c5 22. Rd2 f6 23. g5 hxg5 24. fxg5 Nc6 25. gxf6 Nd4 26. Qd1 gxf6 27. Bd3 Qd7 28. Qh5 Qg7 29. Rf2 Rd7 30. g4 Rf8 31. g5 fxg5 32. Rg2 Nf3 33. Be2 Nd2+ 34. Ka1 Nxe4 35. Bd3 Nf6 36. Qh2 Kf7 37. Nf5 Bxf5 38. Bxf5 Rdd8 39. Qg1 Rg8 40. Qe3 Kf8 41. Rf1 Qe7 42. Qf3 Rg7 43. Re2 g4 44. Bxg4 1-0

[Event "Aragon-chT Honor Gr I"]
[Site "Aragon"]
[Date "2023.02.18"]
[Round "4.9"]
[White "Del Rey, Diego"]
[Black "Laliena Solanes, Luis M"]
[Result "1-0"]
[WhiteElo "2328"]
[BlackElo "2196"]
[PlyCount "61"]
[EventDate "2023.01.28"]
[EventType "team-tourn"]
[EventRounds "7"]
[EventCountry "ESP"]
[SourceTitle "EXT 2024"]
[Source "ChessBase"]
[SourceDate "2023.10.10"]
[SourceVersion "1"]
[SourceVersionDate "2023.10.10"]
[SourceQuality "1"]
[WhiteTeam "El Olivar"]
[BlackTeam "Aragon ONCE"]
[WhiteTeamCountry "ESP"]
[BlackTeamCountry "ESP"]

1. Nf3 d5 2. c4 e6 3. g3 Nf6 4. Bg2 Be7 5. 0-0 0-0 6. Qc2 c5 7. d4 Nbd7 8. cxd5 Nxd5 9. Nc3 Nb4 10. Qb3 Nb6 11. dxc5 Bxc5 12. Rd1 Qe7 13. Ne4 Na6 14. Nxc5 Qxc5 15. Be3 Qa5 16. Rac1 Nd5 17. Bd2 Qb6 18. Qxb6 axb6 19. Ne5 b5 20. Be1 f6 21. Nd3 Bd7 22. Nf4 Nac7 23. Rxc7 Nxc7 24. Rxd7 e5 25. Rxc7 exf4 26. Bxb7 Rad8 27. Kg2 fxg3 28. hxg3 Rfe8 29. e4 h5 30. Bc3 Kh7 31. Bxf6 1-0

[Event "La Palma Island op"]
[Site "Santa Cruz de La Palma"]
[Date "2022.08.11"]
[Round "8"]
[White "Del Rey, Diego"]
[Black "Estremera Panos, Sergio"]
[Result "1/2-1/2"]
[WhiteElo "2332"]
[BlackElo "2262"]
[PlyCount "34"]
[EventDate "2022.08.06"]
[EventType "swiss"]
[EventRounds "9"]
[EventCountry "ESP"]
[SourceTitle "CBM 209 Extra"]
[Source "ChessBase"]
[SourceDate "2022.09.30"]
[SourceVersion "1"]
[SourceVersionDate "2022.09.30"]
[SourceQuality "1"]

1. d4 d5 2. c4 e6 3. Nf3 Nf6 4. Nc3 Be7 5. Bg5 0-0 6. e3 Nbd7 7. Qc2 c6 8. Bd3 dxc4 9. Bxc4 Nd5 10. Bxe7 Qxe7 11. 0-0 Nxc3 12. Qxc3 b6 13. Rac1 Bb7 14. Be2 Rac8 15. b4 Ra8 16. a3 a5 17. Ra1 Rac8 1/2-1/2

[Event "Gujarat op 3rd"]
[Site "Ahmedabad"]
[Date "2022.04.03"]
[Round "5"]
[White "Del Rey, Diego"]
[Black "Majumder, Shrayan"]
[Result "1-0"]
[WhiteElo "2371"]
[BlackElo "1686"]
[PlyCount "95"]
[EventDate "2022.03.31"]
[EventType "swiss"]
[EventRounds "10"]
[EventCountry "IND"]
[SourceTitle "CBM 207 Extra"]
[Source "ChessBase"]
[SourceDate "2022.05.31"]
[SourceVersion "1"]
[SourceVersionDate "2022.05.31"]
[SourceQuality "1"]

1. d4 Nf6 2. Nf3 d5 3. c4 e6 4. Nc3 a6 5. e3 b6 6. Bd3 Bb7 7. 0-0 Bd6 8. Qe2 Ne4 9. Bxe4 dxe4 10. Nd2 f5 11. f3 Qh4 12. f4 Nd7 13. Nb3 Qh6 14. Bd2 0-0 15. Rac1 c5 16. Na4 Bc6 17. Nxb6 Nxb6 18. dxc5 Nxc4 19. Rxc4 Bc7 20. Nd4 Bd5 21. Ra4 e5 22. fxe5 Bxe5 23. g3 Bxd4 24. Rxd4 Bxa2 25. Bc3 Qc6 26. Qd2 Ra7 27. b4 Qe6 28. Rd6 Qf7 29. Qd4 Bc4 30. Rf2 Bb5 31. g4 Bd7 32. g5 Bb5 33. h4 Re7 34. g6 hxg6 35. Rg2 Qc4 36. Rdxg6 Qxd4 37. Bxd4 Rff7 38. Bf6 Rd7 39. Be5 Rfe7 40. Bd6 Rf7 41. h5 Kh7 42. Kh2 Rf6 43. Rxf6 gxf6 44. Bf4 Bc6 45. Rg6 Rd2+ 46. Kg3 Be8 47. Rxf6 Bxh5 48. Rh6+ 1-0

[Event "Gujarat op 3rd"]
[Site "Ahmedabad"]
[Date "2022.04.03"]
[Round "6"]
[White "Nigmatov, Ortik"]
[Black "Del Rey, Diego"]
[Result "1-0"]
[WhiteElo "2445"]
[BlackElo "2371"]
[PlyCount "63"]
[EventDate "2022.03.31"]
[EventType "swiss"]
[EventRounds "10"]
[EventCountry "IND"]
[SourceTitle "CBM 207 Extra"]
[Source "ChessBase"]
[SourceDate "2022.05.31"]
[SourceVersion "1"]
[SourceVersionDate "2022.05.31"]
[SourceQuality "1"]

1. e4 e5 2. Nf3 Nf6 3. d4 Nxe4 4. Nxe5 d5 5. Bd3 Nd7 6. Nc3 Nxc3 7. bxc3 Nxe5 8. dxe5 Bc5 9. 0-0 Be6 10. Rb1 Bb6 11. Kh1 Qd7 12. f4 Bg4 13. Qe1 0-0-0 14. a4 f6 15. Be3 fxe5 16. a5 Bxe3 17. Qxe3 d4 18. Qxe5 Qd5 19. Qxg7 h5 20. cxd4 Qxd4 21. Qxd4 Rxd4 22. f5 h4 23. h3 Bh5 24. f6 Bf7 25. Rbe1 Kd8 26. a6 b6 27. Re7 Rf8 28. Bb5 Rd6 29. Rf3 Bg6 30. Rc3 c5 31. Rxa7 Rfxf6 32. Re3 1-0

[Event "Aragon-chT Honor Gr I"]
[Site "Aragon"]
[Date "2022.03.05"]
[Round "6.24"]
[White "Felez Casedas, Carlos"]
[Black "Del Rey, Diego"]
[Result "0-1"]
[WhiteElo "1947"]
[BlackElo "2370"]
[PlyCount "86"]
[EventDate "2022.01.29"]
[EventType "team-tourn"]
[EventRounds "7"]
[EventCountry "ESP"]
[SourceTitle "EXT 2024"]
[Source "ChessBase"]
[SourceDate "2023.10.10"]
[SourceVersion "1"]
[SourceVersionDate "2023.10.10"]
[SourceQuality "1"]
[WhiteTeam "La Aurora Estadilla"]
[BlackTeam "El Olivar"]
[WhiteTeamCountry "ESP"]
[BlackTeamCountry "ESP"]

1. e4 c5 2. Nf3 Nc6 3. d3 g6 4. g3 Bg7 5. Bg2 e5 6. Nc3 Nge7 7. h4 h6 8. Be3 d6 9. Qd2 Nd4 10. Nd5 Nxd5 11. exd5 Bg4 12. Nh2 Bd7 13. h5 gxh5 14. c3 Nf5 15. Nf3 Qf6 16. 0-0-0 0-0-0 17. Rxh5 Nxe3 18. Qxe3 Bg4 19. Bh3 Bxh3 20. Rxh3 Qg6 21. Nh4 Qg4 22. Rhh1 f5 23. f3 Qh5 24. Ng2 Qf7 25. c4 Rde8 26. Kb1 Qf6 27. Rd2 h5 28. Re2 Kb8 29. Rhe1 a6 30. Qf2 Re7 31. Nf4 Rf7 32. Ne6 Qg6 33. f4 Bf6 34. Nxc5 dxc5 35. fxe5 f4 36. gxf4 Qxd3+ 37. Ka1 Qxc4 38. Rc2 Bh4 39. Rxc4 Bxf2 40. Rf1 Bd4 41. e6 Rf6 42. Rc2 Rg8 43. a4 Kc7 0-1

[Event "Vienna Silvester op-A"]
[Site "Vienna"]
[Date "2021.12.29"]
[Round "3"]
[White "Del Rey, Diego"]
[Black "Pantelic, Slobodan"]
[Result "1-0"]
[WhiteElo "2363"]
[BlackElo "1570"]
[PlyCount "63"]
[EventDate "2021.12.27"]
[EventType "swiss"]
[EventRounds "7"]
[EventCountry "AUT"]
[SourceTitle "EXT 2023"]
[Source "ChessBase"]
[SourceDate "2022.10.05"]
[SourceVersion "1"]
[SourceVersionDate "2022.10.05"]
[SourceQuality "1"]

1. d4 c5 2. e3 e6 3. Nf3 d5 4. c4 cxd4 5. exd4 Nf6 6. Nc3 a6 7. c5 Nc6 8. Na4 Be7 9. Nb6 Ra7 10. Be2 0-0 11. 0-0 Nd7 12. Nxc8 Qxc8 13. Bf4 Ra8 14. Rc1 Re8 15. Qd2 Nf8 16. b4 Ng6 17. Bg3 Bf6 18. a4 Nce7 19. h3 Nf5 20. Bh2 Qd7 21. b5 axb5 22. Bxb5 Qc8 23. Bxe8 Qxe8 24. a5 Bd8 25. Ra1 Ra6 26. Rfb1 Qd7 27. Qb4 Ra7 28. Bb8 Ra8 29. Qxb7 Qxb7 30. Rxb7 Rxa5 31. Rxa5 Bxa5 32. Bc7 1-0